[Event "PRO League Group Stage"]
[Site "chess.com INT"]
[Date "2018.01.31"]
[Round "3"]
[White "Cornette, Deimante"]
[Black "Roberson, Peter T"]
[Result "0-1"]
[WhiteTitle "IM"]
[BlackTitle "IM"]
[WhiteElo "2439"]
[BlackElo "2412"]
[WhiteTeam "Cannes Blockbusters"]
[BlackTeam "London Towers"]
[WhiteFideId "12802859"]
[BlackFideId "412384"]
[EventDate "2018.01.18"]

1. e4 e6 2. d4 d5 3. Bd3 dxe4 4. Bxe4 Nf6 5. Bf3 c5 6. Ne2 Be7 7. O-O O-O 8. Be3
cxd4 9. Bxd4 Nc6 10. Bxc6 bxc6 11. Nbc3 Qc7 12. Qd3 Rd8 13. Qg3 Bd6 14. Qh4 e5
15. Be3 Bf5 16. Rac1 Rab8 17. b3 Rb4 18. Qg5 Bg6 19. h3 Nh5 20. Bxa7 Ra8 21. g4
Nf6 22. Be3 Be7 23. Qh4 Nxg4 24. Qg3 Nxe3 25. Qxe3 Rh4 26. Kg2 Ba3 27. Rcd1 Bxc2
28. Rd2 Bf5 29. Rh1 Be6 30. Ng3 f5 31. Re1 f4 32. Qxe5 Qxe5 33. Rxe5 Bxh3+ 34.
Kf3 fxg3 35. Kxg3 Rh6 36. Ne4 Be6 37. Ng5 Bd5 38. f4 Rf6 39. Ne4 Bxe4 40. Rxe4
Bd6 41. Red4 Bc7 42. Kg4 Raf8 43. Rd7 Rxf4+ 44. Kh3 Rf3+ 45. Kg2 R3f7 46. Rxf7
Rxf7 47. a4 g5 48. b4 Bf4 49. Rc2 Rb7 50. Rc4 Bd2 51. Rxc6 Bxb4 52. Kf3 Ra7 53.
Kg4 Be7 54. Rc4 Ra5 55. Kh5 Kf7 56. Re4 Rc5 57. Kh6 Rc1 58. Kh5 Rh1+ 59. Kg4
Rh4+ 60. Kf5 Rxe4 0-1

[Event "PRO League Group Stage"]
[Site "chess.com INT"]
[Date "2018.01.31"]
[Round "3"]
[White "Carlsen, Magnus"]
[Black "Urkedal, Frode"]
[Result "1-0"]
[WhiteTitle "GM"]
[BlackTitle "GM"]
[WhiteElo "2834"]
[BlackElo "2572"]
[WhiteTeam "Norway Gnomes"]
[BlackTeam "Oslo Trolls"]
[WhiteFideId "1503014"]
[BlackFideId "1506102"]
[EventDate "2018.01.18"]

1. Nc3 Nf6 2. Nf3 d5 3. g3 g6 4. Bg2 Bg7 5. O-O O-O 6. d3 c5 7. Bf4 Nc6 8. Ne5
Nd4 9. Qd2 Be6 10. e3 Nf5 11. Nf3 d4 12. exd4 cxd4 13. Ne2 Bd5 14. Be5 Rc8 15.
Nexd4 Nxd4 16. Nxd4 Bxg2 17. Kxg2 Qd5+ 18. Nf3 Rfd8 19. Rfe1 e6 20. Qe2 b5 21.
a3 Nd7 22. Bxg7 Kxg7 23. Rad1 Nb6 24. Rd2 Kg8 25. Qe3 Qa2 26. c3 Qd5 27. Qf4 Rd7
28. h4 h5 29. Kg1 Qb7 30. Ne5 Rd5 31. Qf6 Rf8 32. Re4 Rd6 33. Qg5 Nd5 34. Rd4
Rfd8 35. Re2 Qe7 36. Qxe7 Nxe7 37. Rxd6 Rxd6 38. d4 f6 39. Nd3 Kf7 40. Nc5 Nd5
41. Kf1 Rc6 42. Re1 e5 43. Nb3 exd4 44. Nxd4 Rb6 45. Ke2 g5 46. Kf3 Ne7 47. hxg5
fxg5 48. Re5 g4+ 49. Kg2 h4 50. gxh4 1-0

[Event "PRO League Group Stage"]
[Site "chess.com INT"]
[Date "2018.01.31"]
[Round "3"]
[White "Carlsen, Magnus"]
[Black "Holm, Kristian Stuvik"]
[Result "1-0"]
[WhiteTitle "GM"]
[BlackTitle "IM"]
[WhiteElo "2834"]
[BlackElo "2436"]
[WhiteTeam "Norway Gnomes"]
[BlackTeam "Oslo Trolls"]
[WhiteFideId "1503014"]
[BlackFideId "1508083"]
[EventDate "2018.01.18"]

1. a3 g6 2. h4 h5 3. e4 c5 4. Bc4 Bg7 5. Nc3 Nc6 6. Nf3 d6 7. Ng5 e6 8. d3 Nge7
9. Ba2 Nd4 10. Ne2 Nec6 11. Nf4 Ne5 12. c3 Ndc6 13. f3 Qb6 14. Qe2 Qa5 15. Bd2
Qb5 16. Be3 b6 17. O-O O-O 18. a4 Qa6 19. Qd2 Qa5 20. Qf2 Qa6 21. Rfd1 Ne7 22.
d4 cxd4 23. cxd4 Nc4 24. Bxc4 Qxc4 25. Rdc1 Qa6 26. Rc7 Re8 27. Nxf7 Kxf7 28.
Qg3 Kf6 29. Qg5+ Kf7 30. Nxg6 Bf6 31. Qxh5 Kg7 32. Bh6+ Kg8 33. Nxe7+ Rxe7 34.
Qg6+ 1-0

[Event "PRO League Group Stage"]
[Site "chess.com INT"]
[Date "2018.01.31"]
[Round "3"]
[White "Ehlvest, Jaan"]
[Black "Karavade, Eesha"]
[Result "1-0"]
[WhiteTitle "GM"]
[BlackTitle "IM"]
[WhiteElo "2536"]
[BlackElo "2386"]
[WhiteTeam "Estonia Horses"]
[BlackTeam "Mumbai Movers"]
[WhiteFideId "4500016"]
[BlackFideId "5012600"]
[EventDate "2018.01.18"]

1. c4 e6 2. Nf3 Nf6 3. g3 d5 4. Bg2 Be7 5. O-O O-O 6. b3 c5 7. e3 Nc6 8. Bb2 d4
9. exd4 cxd4 10. Re1 Bc5 11. d3 Re8 12. Ne5 Nxe5 13. Rxe5 Qd6 14. Re1 e5 15. a3
a5 16. Nd2 Rb8 17. Ne4 Nxe4 18. Bxe4 Be6 19. Bc1 f5 20. Bg2 b5 21. Bd2 Bf7 22.
Bxa5 Bxa3 23. Bc7 Qxc7 24. Rxa3 bxc4 25. bxc4 Qc5 26. Qa1 e4 27. dxe4 fxe4 28.
Rxe4 Rxe4 29. Bxe4 Qxc4 30. Ra4 Qc3 31. Qxc3 dxc3 32. Ra3 Rc8 33. Bc2 Bg6 34.
Bxg6 hxg6 35. Ra1 Kf7 36. Kf1 Ke6 37. Ke2 g5 38. Kd3 Rf8 39. Ra2 Rf3+ 40. Ke4
Rf8 41. Rc2 g4 42. Re2 Kd6 43. Kd4 Rf3 44. Ra2 Kc6 45. Rc2 Kb5 46. Rxc3 Rxf2 47.
Ke4 Rxh2 48. Kf4 Rf2+ 49. Kxg4 Rf7 50. Kg5 Kb6 51. g4 Rd7 52. Kg6 Kb7 53. g5 Kb6
54. Rc8 Kb7 55. Rg8 Kc6 56. Rxg7 Rd8 57. Re7 Kd6 58. Re2 Rg8+ 59. Kf6 Kd7 60. g6
Rf8+ 61. Kg7 Rf4 62. Kg8 Rg4 63. g7 Rg1 64. Re4 Kd6 65. Kh7 Rh1+ 66. Kg6 Rg1+
67. Kf6 Rg2 68. Re8 1-0

[Event "PRO League Group Stage"]
[Site "chess.com INT"]
[Date "2018.01.31"]
[Round "3"]
[White "Ehlvest, Jaan"]
[Black "Ghosh, Diptayan"]
[Result "1-0"]
[WhiteTitle "GM"]
[BlackTitle "GM"]
[WhiteElo "2536"]
[BlackElo "2556"]
[WhiteTeam "Estonia Horses"]
[BlackTeam "Mumbai Movers"]
[WhiteFideId "4500016"]
[BlackFideId "5045207"]
[EventDate "2018.01.18"]

1. c4 e5 2. g3 Nf6 3. Bg2 Nc6 4. a3 d5 5. cxd5 Nxd5 6. b4 Nb6 7. d3 Bd6 8. Nf3
O-O 9. O-O Re8 10. Nbd2 a5 11. b5 Nd4 12. Nxd4 exd4 13. Bb2 Be7 14. Rc1 a4 15.
Nc4 Bc5 16. Rc2 Ra7 17. Nd2 Bf8 18. Nf3 Bg4 19. Qa1 Qd7 20. Nxd4 Nd5 21. e4 Nb6
22. Rfc1 Rc8 23. f3 Bh5 24. Nf5 f6 25. d4 Bf7 26. Bh3 Qxb5 27. d5 Qe8 28. Rxc7
Rxc7 29. Rxc7 Ra5 30. d6 Rxf5 31. Bxf5 Bxd6 32. Rc2 Nc4 33. Bc1 Qb5 34. Qc3 Qb6+
35. Kg2 g6 36. Bd7 Be5 37. Qd3 Qb3 38. Qe2 Nxa3 39. Rc8+ Kg7 40. Qd2 g5 41. f4
Nb1 42. Qe2 Nc3 43. Qd3 Qa2+ 44. Kh3 h5 45. fxe5 Ne2 46. exf6+ Kh6 47. Rh8+ 1-0

[Event "PRO League Group Stage"]
[Site "chess.com INT"]
[Date "2018.01.31"]
[Round "3"]
[White "Manukian, Artak"]
[Black "Salem, A.R. Saleh"]
[Result "1-0"]
[BlackTitle "GM"]
[WhiteElo "2196"]
[BlackElo "2642"]
[WhiteTeam "Armenia Eagles"]
[BlackTeam "Delhi Dynamite"]
[WhiteFideId "13301373"]
[BlackFideId "9301348"]
[EventDate "2018.01.18"]

1. e4 d6 2. d4 Nf6 3. Nc3 g6 4. g3 Bg7 5. Bg2 O-O 6. Nge2 Na6 7. O-O c5 8. h3
cxd4 9. Nxd4 Nc5 10. Nb3 Nfd7 11. Be3 Bxc3 12. bxc3 Qc7 13. a4 b6 14. e5 Ba6 15.
exd6 exd6 16. Re1 Ne5 17. Nxc5 bxc5 18. Bh6 Rfe8 19. Bxa8 Rxa8 20. Rxe5 Bb7 21.
Re3 1-0

[Event "PRO League Group Stage"]
[Site "chess.com INT"]
[Date "2018.01.31"]
[Round "3"]
[White "Manukian, Artak"]
[Black "Grover, Sahaj"]
[Result "1-0"]
[BlackTitle "GM"]
[WhiteElo "2196"]
[BlackElo "2484"]
[WhiteTeam "Armenia Eagles"]
[BlackTeam "Delhi Dynamite"]
[WhiteFideId "13301373"]
[BlackFideId "5021103"]
[EventDate "2018.01.18"]

1. e4 e5 2. Nf3 Nc6 3. d4 exd4 4. Nxd4 Bb4+ 5. c3 Bc5 6. Be3 Bb6 7. Nf5 g6 8.
Bxb6 axb6 9. Ne3 Nf6 10. f3 O-O 11. Be2 Re8 12. O-O d5 13. Nxd5 Nxd5 14. exd5
Ne7 15. c4 Nf5 16. Rf2 Qf6 17. Nc3 Nd6 18. Qd2 h5 19. Rd1 Bd7 20. Qd4 Qxd4 21.
Rxd4 Re3 22. Kf1 Rae8 23. Ke1 b5 24. c5 Nc4 25. Re4 Kg7 26. Rxe8 Rxe8 27. b3 Ne3
28. Bxb5 Nxd5+ 29. Kd2 Bxb5 30. Nxb5 Rd8 31. Kc1 c6 32. Nd6 b6 33. Rd2 f5 34.
Nc4 bxc5 35. Ne5 Re8 36. Nxc6 Re1+ 37. Kb2 Ne3 38. a4 c4 39. a5 f4 40. a6 c3+
41. Kxc3 Rc1+ 42. Kb4 Rxc6 43. Kb5 Rc3 44. b4 Ra3 45. Rd7+ Kf6 46. a7 Ke5 47.
Kc6 Ke6 48. Rg7 Nf5 49. Rxg6+ Kf7 50. Rg5 Rc3+ 51. Kb6 1-0

[Event "PRO League Group Stage"]
[Site "chess.com INT"]
[Date "2018.01.31"]
[Round "3"]
[White "Maurizzi, Marc Andria"]
[Black "Bauer, Christian"]
[Result "0-1"]
[WhiteTitle "CM"]
[BlackTitle "GM"]
[WhiteElo "2018"]
[BlackElo "2625"]
[WhiteTeam "Marseille Migraines"]
[BlackTeam "London Lions"]
[WhiteFideId "36083534"]
[BlackFideId "603767"]
[EventDate "2018.01.18"]

1. e4 c5 2. Nc3 e6 3. g3 d5 4. exd5 exd5 5. Bg2 Nf6 6. d4 cxd4 7. Qxd4 Nc6 8.
Qa4 d4 9. Nce2 Bd7 10. Nxd4 Bb4+ 11. c3 Nxd4 12. Qd1 Bf5 13. Qa4+ b5 14. Qd1
Nc2+ 15. Ke2 Qxd1+ 16. Kxd1 O-O-O+ 17. Bd2 Rhe8 18. Nh3 Nxa1 19. cxb4 Ne4 20.
Bxe4 Rxe4 21. Ng1 Red4 22. Nf3 Bg4 0-1

[Event "PRO League Group Stage"]
[Site "chess.com INT"]
[Date "2018.01.31"]
[Round "3"]
[White "Maurizzi, Marc Andria"]
[Black "Tan, Justin2"]
[Result "0-1"]
[WhiteTitle "CM"]
[BlackTitle "IM"]
[WhiteElo "2018"]
[BlackElo "2466"]
[WhiteTeam "Marseille Migraines"]
[BlackTeam "London Lions"]
[WhiteFideId "36083534"]
[BlackFideId "3206882"]
[EventDate "2018.01.18"]

1. e4 e5 2. Nf3 Nc6 3. d4 exd4 4. Nxd4 Bc5 5. Nb3 Bb6 6. Nc3 Nf6 7. Qf3 h6 8.
Be3 O-O 9. O-O-O d6 10. Qe2 Re8 11. f3 d5 12. Bxb6 axb6 13. Qf2 Qd6 14. Kb1 Be6
15. Bc4 Ne7 16. Rhe1 Qb4 17. Bxd5 Nexd5 18. exd5 Bf5 19. Rxe8+ Rxe8 20. Re1 Rd8
21. Qd4 Qd6 22. Qe5 Re8 23. Qg3 Rxe1+ 24. Qxe1 Qxh2 25. Qf2 Qh1+ 26. Nc1 h5 27.
b3 Qh2 28. N1e2 h4 29. Nd4 Bg6 30. Qe2 Qg1+ 0-1

[Event "PRO League Group Stage"]
[Site "chess.com INT"]
[Date "2018.01.31"]
[Round "3"]
[White "Gabuzyan, Hovhannes"]
[Black "Yu, Yangyi"]
[Result "0-1"]
[WhiteTitle "GM"]
[BlackTitle "GM"]
[WhiteElo "2571"]
[BlackElo "2760"]
[WhiteTeam "Rio Grande Ospreys"]
[BlackTeam "Chengdu Pandas"]
[WhiteFideId "13303732"]
[BlackFideId "8603820"]
[EventDate "2018.01.18"]

1. Nf3 Nf6 2. g3 g6 3. Bg2 Bg7 4. O-O O-O 5. d4 d6 6. Re1 Nbd7 7. e4 e5 8. Nc3
Re8 9. h3 c6 10. Bg5 Qc7 11. Qd2 b5 12. Rad1 Bb7 13. Bh6 Rad8 14. a3 a6 15. Bxg7
Kxg7 16. Qc1 h6 17. b4 Nb6 18. dxe5 dxe5 19. Rxd8 Rxd8 20. Rd1 Rxd1+ 21. Qxd1 c5
22. Qa1 Nc4 23. Nd5 Nxd5 24. exd5 cxb4 25. axb4 Qd6 26. Ne1 Bxd5 27. Bxd5 Qxd5
28. Nd3 Qe6 29. Nc5 Qxh3 30. Nxa6 h5 31. Nc7 Qd7 32. Qa7 e4 33. Qb8 Qd1+ 34. Kh2
Qf3 35. Ne8+ Kh7 36. Qa7 e3 37. Qa1 Qxf2+ 38. Kh1 Kh6 39. Qh8+ Kg5 40. Qf8 Kg4
41. Qe7 Qf3+ 42. Kh2 Qxg3+ 43. Kh1 Kh3 0-1

[Event "PRO League Group Stage"]
[Site "chess.com INT"]
[Date "2018.01.31"]
[Round "3"]
[White "Gabuzyan, Hovhannes"]
[Black "Chu, Ruotong"]
[Result "1-0"]
[WhiteTitle "GM"]
[WhiteElo "2571"]
[BlackElo "2267"]
[WhiteTeam "Rio Grande Ospreys"]
[BlackTeam "Chengdu Pandas"]
[WhiteFideId "13303732"]
[BlackFideId "8605653"]
[EventDate "2018.01.18"]

1. Nf3 Nf6 2. g3 g6 3. Bg2 Bg7 4. O-O O-O 5. c4 c6 6. d4 d5 7. Qb3 Qb6 8. Nc3
Rd8 9. Rd1 Bf5 10. Ne1 Na6 11. c5 Qxb3 12. axb3 Nb4 13. Bf4 Nd7 14. Ra4 Nc2 15.
Nxc2 Bxc2 16. Rd2 Bxb3 17. Rb4 Bc4 18. Rxb7 e5 19. Bg5 exd4 20. Nxd5 Bxd5 21.
Bxd5 cxd5 22. Bxd8 Nxc5 23. Rb5 Ne4 24. Ba5 Nxd2 25. Bxd2 a6 26. Rxd5 h5 27. Ba5
d3 28. exd3 Bxb2 29. d4 Ba3 30. Bc7 1-0

[Event "PRO League Group Stage"]
[Site "chess.com INT"]
[Date "2018.01.31"]
[Round "3"]
[White "Margvelashvili, Giorgi"]
[Black "Dreev, Aleksey"]
[Result "0-1"]
[WhiteTitle "GM"]
[BlackTitle "GM"]
[WhiteElo "2530"]
[BlackElo "2653"]
[WhiteTeam "Seattle Sluggers"]
[BlackTeam "San Diego Surfers"]
[WhiteFideId "13602926"]
[BlackFideId "4100107"]
[EventDate "2018.01.18"]

1. g3 d5 2. Bg2 c6 3. c4 Nf6 4. Nf3 dxc4 5. O-O Nbd7 6. Na3 Nb6 7. Qc2 g6 8.
Nxc4 Bg7 9. b3 Bf5 10. d3 Qc8 11. Bb2 Bh3 12. e4 Bxg2 13. Kxg2 O-O 14. d4 Ne8
15. Rac1 Nd6 16. Rfe1 Nbxc4 17. bxc4 b5 18. Nd2 Qa6 19. c5 Nb7 20. a3 Rfd8 21.
e5 Na5 22. Bc3 Rd5 23. Bxa5 Qxa5 24. Nf3 Rdd8 25. Qb3 e6 26. Red1 Bh6 27. Ra1
Qc7 28. h4 Qd7 29. Qd3 Qd5 30. h5 a5 31. hxg6 fxg6 32. Rh1 Bg7 33. Qe3 Rf8 34.
g4 Ra7 35. Rh3 Raf7 36. Rg3 Bh6 37. g5 Bxg5 38. Qd3 Bf4 39. Rh3 Bxe5 40. Rg1
Bxd4 41. Qxd4 Rxf3 42. Qxd5 Rxf2+ 43. Kh1 exd5 44. a4 b4 0-1

[Event "PRO League Group Stage"]
[Site "chess.com INT"]
[Date "2018.01.31"]
[Round "3"]
[White "Margvelashvili, Giorgi"]
[Black "Sheng, Joshua"]
[Result "1-0"]
[WhiteTitle "GM"]
[BlackTitle "IM"]
[WhiteElo "2530"]
[BlackElo "2392"]
[WhiteTeam "Seattle Sluggers"]
[BlackTeam "San Diego Surfers"]
[WhiteFideId "13602926"]
[BlackFideId "2057360"]
[EventDate "2018.01.18"]

1. Nf3 Nf6 2. c4 g6 3. b3 Bg7 4. Bb2 O-O 5. g3 d6 6. d4 c5 7. Bg2 d5 8. O-O Nc6
9. Na3 Be6 10. dxc5 dxc4 11. Ng5 cxb3 12. Nxe6 Qxd1 13. Rfxd1 fxe6 14. axb3 Rab8
15. Nc4 Rfc8 16. Bxc6 Rxc6 17. Rxa7 Nd5 18. Bxg7 Kxg7 19. Ne5 Rc7 20. Rc1 Rbc8
21. Nd3 Kf8 22. b4 Ke8 23. Kg2 e5 24. e4 Nf6 25. f3 Nd7 26. Kf2 Kf7 27. Ke3 Ke6
28. h4 h6 29. f4 g5 30. hxg5 hxg5 31. f5+ Kf6 32. Rh1 Kg7 33. Rh5 b6 34. Rxg5+
Kh7 35. Rxc7 Rxc7 36. cxb6 Rc6 37. Rg6 Nf6 38. Nxe5 Rxb6 39. Nd3 1-0

[Event "PRO League Group Stage"]
[Site "chess.com INT"]
[Date "2018.01.31"]
[Round "3"]
[White "Maze, Sebastien"]
[Black "Fernandez, Daniel Howard"]
[Result "1-0"]
[WhiteTitle "GM"]
[BlackTitle "GM"]
[WhiteElo "2620"]
[BlackElo "2496"]
[WhiteTeam "Marseille Migraines"]
[BlackTeam "London Lions"]
[WhiteFideId "613762"]
[BlackFideId "5801605"]
[EventDate "2018.01.18"]

1. e4 c5 2. Nf3 d6 3. Bb5+ Bd7 4. Bxd7+ Nxd7 5. c4 Ne5 6. Nxe5 dxe5 7. d3 e6 8.
Nc3 Ne7 9. Be3 Nc6 10. O-O Qd7 11. Qd2 Be7 12. Rad1 O-O 13. a3 Rad8 14. g3 b6
15. f4 exf4 16. gxf4 f5 17. Kh1 Kh8 18. Qg2 Rg8 19. exf5 exf5 20. Nd5 Bf6 21. b4
Ne7 22. Nxf6 gxf6 23. Qf3 cxb4 24. axb4 b5 25. Bc5 Ng6 26. Rg1 a6 27. d4 Nh4 28.
Qd5 Rxg1+ 29. Rxg1 Qxd5+ 30. cxd5 Rxd5 31. Ra1 Nf3 32. Ra3 Nd2 33. Rxa6 Kg7 34.
Kg2 Nb3 35. Rb6 Nxd4 36. Be7 Kf7 37. Bxf6 Nc2 38. Bc3 Rd3 39. Be5 Ne3+ 40. Kf2
Ng4+ 41. Ke2 Rh3 42. Rxb5 h5 43. Rb8 Rxh2+ 44. Kd3 Ke6 45. Rb6+ Kd7 46. Rd6+ Kc8
47. b5 h4 48. Rc6+ Kb7 49. Bd4 Ra2 50. Rg6 h3 51. Rg7+ Kb8 52. Be5+ Kc8 53. b6
Nxe5+ 54. fxe5 Ra6 55. b7+ Kb8 56. Rh7 f4 57. Ke4 Ra4+ 58. Kf3 h2 59. e6 Ra1 60.
Rxh2 Kxb7 61. Kxf4 Re1 62. Kf5 Kc7 63. Rd2 Rf1+ 64. Ke5 1-0

[Event "PRO League Group Stage"]
[Site "chess.com INT"]
[Date "2018.01.31"]
[Round "3"]
[White "Maze, Sebastien"]
[Black "Horton, Andrew P"]
[Result "0-1"]
[WhiteTitle "GM"]
[BlackTitle "FM"]
[WhiteElo "2620"]
[BlackElo "2397"]
[WhiteTeam "Marseille Migraines"]
[BlackTeam "London Lions"]
[WhiteFideId "613762"]
[BlackFideId "424269"]
[EventDate "2018.01.18"]

1. d4 Nf6 2. Bf4 e6 3. Nf3 b6 4. e3 Bb7 5. Nbd2 c5 6. Bd3 Be7 7. h3 O-O 8. O-O
d6 9. c3 cxd4 10. exd4 a6 11. Re1 Re8 12. Ng5 Nbd7 13. Qb3 Nf8 14. Bh2 h6 15.
Nge4 Nxe4 16. Nxe4 Bxe4 17. Rxe4 d5 18. Re2 Bd6 19. Bxd6 Qxd6 20. a4 Nd7 21.
Rae1 Reb8 22. c4 Nf6 23. cxd5 Qxd5 24. Qb4 a5 25. Qd2 Rd8 26. Be4 Nxe4 27. Rxe4
Rac8 28. Rg4 Kf8 29. Qd3 Qf5 30. Qg3 Qf6 31. Rf4 Qe7 32. Qb3 Rd6 33. d5 Rxd5 34.
Qxb6 Kg8 35. b4 axb4 36. Rxb4 Ra8 37. Reb1 Rda5 38. Qd4 Qg5 39. Rb5 Rxa4 40. Qd3
Qg6 41. Rb8+ Kh7 42. Qd6 Qe4 43. Kh2 Rxb8 44. Rxb8 Qf4+ 45. Qxf4 Rxf4 46. Kg1 g5
47. g4 h5 48. gxh5 Rh4 49. Kg2 Rxh5 50. Rb5 Kg6 51. Kg3 Rh8 52. Rb3 e5 53. Rc3
f6 54. Rb3 Kf5 55. Rf3+ Ke6 56. Ra3 Rh4 57. Ra6+ Kf5 58. Ra3 Rd4 59. Rf3+ Ke6
60. Ra3 Rd5 61. h4 gxh4+ 62. Kxh4 Kf5 63. Kg3 Rd8 64. Kf3 Rg8 65. Ra6 Rh8 66.
Kg3 Rg8+ 67. Kf3 Rb8 68. Ra3 Kg5 69. Re3 Rb5 70. Kg3 Rc5 71. Re1 Ra5 72. Re3 Rb5
73. Re1 Rb3+ 74. f3 Kf5 75. Re4 Ra3 76. Rb4 Ra8 77. Kf2 Kg5 78. Re4 Re8 79. Kg3
Kg6 80. Ra4 f5 81. f4 e4 82. Ra6+ Kf7 83. Kf2 Rd8 84. Ra3 Kg6 85. Ke3 Kh5 86.
Ra7 Rd3+ 87. Ke2 Kg4 88. Ra5 Kxf4 89. Rb5 Rh3 90. Rc5 Rh2+ 91. Ke1 Ra2 92. Rb5
Kg4 93. Re5 Kf4 94. Rb5 e3 95. Rc5 Ke4 0-1

[Event "PRO League Group Stage"]
[Site "chess.com INT"]
[Date "2018.01.31"]
[Round "3"]
[White "Fernandez, Daniel Howard"]
[Black "Bacrot, Etienne"]
[Result "0-1"]
[WhiteTitle "GM"]
[BlackTitle "GM"]
[WhiteElo "2496"]
[BlackElo "2722"]
[WhiteTeam "London Lions"]
[BlackTeam "Marseille Migraines"]
[WhiteFideId "5801605"]
[BlackFideId "605506"]
[EventDate "2018.01.18"]

1. h4 d5 2. d4 Nf6 3. h5 h6 4. c3 Bg4 5. Qb3 b6 6. Nf3 Bxh5 7. e4 Bxf3 8. gxf3
e6 9. Bf4 c6 10. Nd2 Nbd7 11. Ba6 dxe4 12. fxe4 e5 13. Bxe5 Nxe5 14. dxe5 Ng4
15. Bb7 Nxe5 16. O-O-O Rb8 17. Nf3 Qf6 18. Nxe5 Rxb7 19. Qc4 Bc5 20. Nd3 O-O 21.
e5 Qe6 22. Qxe6 fxe6 23. Nxc5 bxc5 24. Rhf1 Rbf7 25. Rd6 Rxf2 26. Rxf2 Rxf2 27.
Rxc6 h5 28. Rxc5 h4 29. Rc8+ Kh7 30. Rc4 g5 31. Rg4 Kg6 32. c4 h3 33. Rg1 h2 34.
Rh1 0-1

[Event "PRO League Group Stage"]
[Site "chess.com INT"]
[Date "2018.01.31"]
[Round "3"]
[White "Fernandez, Daniel Howard"]
[Black "Maurizzi, Marc Andria"]
[Result "1/2-1/2"]
[WhiteTitle "GM"]
[BlackTitle "CM"]
[WhiteElo "2496"]
[BlackElo "2018"]
[WhiteTeam "London Lions"]
[BlackTeam "Marseille Migraines"]
[WhiteFideId "5801605"]
[BlackFideId "36083534"]
[EventDate "2018.01.18"]

1. Nf3 Nf6 2. c4 e6 3. g3 b6 4. Bg2 Bb7 5. O-O Be7 6. d3 O-O 7. e4 d6 8. Nc3
Nbd7 9. Re1 e5 10. h3 a5 11. a3 Nc5 12. Be3 Ne6 13. b4 axb4 14. axb4 Qd7 15. Nd5
b5 16. Nxe7+ Qxe7 17. cxb5 Qd7 18. b6 cxb6 19. Bxb6 Qb5 20. Be3 Rxa1 21. Qxa1
Ra8 22. Qc3 h6 23. Nd2 Rc8 24. Nc4 Nxe4 25. Bxe4 Bxe4 26. Nxd6 Rxc3 27. Nxb5
Rxd3 28. Bxh6 Bc6 29. Na7 Nd4 30. Be3 Nf3+ 31. Kf1 Nxe1 32. Nxc6 Nc2 33. Bc5 f6
34. b5 Rb3 35. b6 Nd4 36. Nxd4 exd4 37. Bxd4 Kf7 38. Ke2 Ke6 39. Be3 Kd5 40. Kf3
Ke6 41. h4 Rb4 42. Bc5 Rb5 43. Bd4 Rb4 44. Ke4 g6 45. g4 f5+ 46. gxf5+ gxf5+ 47.
Kd3 Kd5 48. Kc3 Rb1 49. Be3 f4 50. Bxf4 Rxb6 51. Kd3 Rb3+ 52. Ke2 Ke4 53. Bg5
Rb2+ 54. Bd2 Kf5 55. f3 Kg6 56. Kd3 Rb3+ 57. Ke4 Rb2 58. Ba5 Ra2 59. Bd8 Ra8 60.
Bb6 Ra4+ 61. Bd4 Kh5 62. f4 Kxh4 63. Kd5 Kg4 64. Be5 Kf5 65. Kd6 Rxf4 66. Bxf4 1/2-1/2

[Event "PRO League Group Stage"]
[Site "chess.com INT"]
[Date "2018.01.31"]
[Round "3"]
[White "Brown, Michael William"]
[Black "Feng, Roland"]
[Result "1/2-1/2"]
[WhiteTitle "IM"]
[BlackTitle "FM"]
[WhiteElo "2506"]
[BlackElo "2358"]
[WhiteTeam "San Diego Surfers"]
[BlackTeam "Seattle Sluggers"]
[WhiteFideId "2037602"]
[BlackFideId "2060086"]
[EventDate "2018.01.18"]

1. d4 Nf6 2. c4 e6 3. Nf3 Bb4+ 4. Nbd2 O-O 5. a3 Bxd2+ 6. Bxd2 Ne4 7. Bf4 b6 8.
e3 Bb7 9. Bd3 d6 10. O-O Nd7 11. b4 f5 12. Rc1 Ndf6 13. h3 h6 14. Bh2 Rf7 15.
Ne1 Rf8 16. d5 Qe7 17. dxe6 Qxe6 18. Qc2 Nd7 19. Nf3 c5 20. Rfd1 Ne5 21. Nxe5
dxe5 22. Qb2 Rae8 23. Bf1 Qg6 24. Bxe5 Ng5 25. Bg3 f4 26. exf4 Rxf4 27. Rd7 Rf7
28. Rxf7 Qxf7 29. bxc5 Nxh3+ 30. Kh2 Qh5 31. f3 Ng5+ 32. Kg1 Nxf3+ 33. gxf3 Qxf3
34. Qg2 Qe3+ 35. Bf2 Bxg2 36. Bxe3 Bxf1 37. Bf2 Bh3 38. cxb6 axb6 39. Bxb6 Bd7
40. Rd1 Bc6 41. Rd6 Be4 42. Bd4 Re7 43. a4 Kf7 44. a5 Rc7 45. c5 h5 46. Be3 h4
47. Rd4 Re7 48. Bg5 Re5 49. Bxh4 Bc6 50. Rc4 Re4 51. Rxe4 Bxe4 52. Kf2 Bc6 53.
Ke3 Ke6 54. Kd4 Kd7 55. Ke5 g6 56. Bg3 g5 57. Kf5 Kc8 58. a6 Bb5 59. a7 Kb7 60.
Bb8 Ka8 61. Kxg5 Bc6 62. Kf6 Bb7 63. Ke7 Bc6 64. Kd6 Bh1 65. Kc7 Bg2 66. Kb6 Bh1
67. Bg3 Bg2 68. Bb8 Bh1 69. c6 Bxc6 70. Kxc6 1/2-1/2

[Event "PRO League Group Stage"]
[Site "chess.com INT"]
[Date "2018.01.31"]
[Round "3"]
[White "Lenic, Luka"]
[Black "Gretarsson, Hjorvar Steinn"]
[Result "1-0"]
[WhiteTitle "GM"]
[BlackTitle "GM"]
[WhiteElo "2662"]
[BlackElo "2565"]
[WhiteTeam "Ljubljana Turtles"]
[BlackTeam "Reykjavik Puffins"]
[WhiteFideId "14603853"]
[BlackFideId "2302241"]
[EventDate "2018.01.18"]

1. e4 e5 2. Nf3 Nc6 3. Bc4 Nf6 4. d3 h6 5. O-O d6 6. c3 g6 7. Re1 Bg7 8. d4 Qe7
9. Nbd2 O-O 10. h3 Bd7 11. Nf1 Rae8 12. Ng3 Kh7 13. a4 Na5 14. Bf1 c5 15. dxe5
dxe5 16. b4 Nc6 17. Ba3 Rc8 18. bxc5 Rfd8 19. Qc1 Be6 20. Rb1 Rc7 21. Qc2 Bf8
22. Nd2 h5 23. Nf3 Bh6 24. Bb5 h4 25. Nf1 g5 26. Ne3 g4 27. Nd5 gxf3 28. Nxe7
Rd2 29. Qxd2 Bxd2 30. Red1 Nxe7 31. Rxd2 fxg2 32. f3 a6 33. Be2 Ng6 34. Kxg2
Nf4+ 35. Kh2 Nxh3 36. Rd6 Nf4 37. Bf1 N6h5 38. c6 bxc6 39. Bc5 Rc8 40. Bf2 h3
41. a5 Rg8 42. Rb7 Rg7 43. Rxc6 Nd3 44. Bh4 Nhf4 45. Bg3 Nh5 46. Rxe6 Nxg3 47.
Bxd3 Nh5 48. Bf1 1-0